[Event "CZE-chT2E 1314"]
[Site "Czech Republic"]
[Date "2014.03.02"]
[Round "9.6"]
[White "Kunc, Miroslav"]
[Black "Svihel, Karel"]
[Result "1-0"]
[WhiteElo "2053"]
[BlackElo "2084"]
[PlyCount "93"]
[EventDate "2013.11.03"]
[EventType "team-tourn"]
[EventRounds "11"]
[EventCountry "CZE"]
[SourceTitle "EXT 2016"]
[Source "ChessBase"]
[SourceDate "2015.10.08"]
[SourceVersion "1"]
[SourceVersionDate "2015.10.08"]
[SourceQuality "1"]
[WhiteTeam "Napajedla"]
[BlackTeam "Brno Moravska Slavia"]
[WhiteTeamCountry "CZE"]
[BlackTeamCountry "CZE"]

1. d4 Nf6 2. c4 c5 3. e3 cxd4 4. exd4 d5 5. Nc3 Nc6 6. Be3 e6 7. a3 Be7 8. Nf3 0-0 9. Bd3 b6 10. b4 dxc4 11. Bxc4 Qc7 12. Qb3 Bb7 13. Rc1 Rac8 14. Ne2 Qb8 15. 0-0 Rfd8 16. Bxe6 fxe6 17. Qxe6+ Kh8 18. Ng5 h6 19. Nf7+ Kh7 20. Nxd8 Bxd8 21. b5 Ne7 22. Bf4 Qa8 23. Be5 Bd5 24. Rxc8 Qxc8 25. Qxc8 Nxc8 26. Rc1 Be6 27. Nf4 Bd7 28. a4 g5 29. Bxf6 Bxf6 30. Rc7 gxf4 31. Rxd7+ Kg6 32. Rc7 Ne7 33. Rxa7 Nd5 34. Rd7 Nc3 35. a5 bxa5 36. b6 Ne2+ 37. Kf1 Nxd4 38. b7 Nc6 39. Rd5 Be7 40. Rxa5 Nb8 41. Re5 Kf6 42. Rh5 Kg6 43. Rb5 Kf6 44. Rb6+ Kg5 45. Ke2 h5 46. Kf3 Kh4 47. Rb5 1-0

[Event "CZE-chT2E 1213"]
[Site "Czech Republic"]
[Date "2013.03.03"]
[Round "10.6"]
[White "Pise, Jan"]
[Black "Svihel, Karel"]
[Result "1-0"]
[WhiteElo "2077"]
[BlackElo "2067"]
[PlyCount "61"]
[EventDate "2012.10.14"]
[EventType "team-tourn"]
[EventRounds "11"]
[EventCountry "CZE"]
[SourceTitle "EXT 2016"]
[Source "ChessBase"]
[SourceDate "2015.10.08"]
[SourceVersion "1"]
[SourceVersionDate "2015.10.08"]
[SourceQuality "1"]
[WhiteTeam "Adamov"]
[BlackTeam "Brno Moravska Slavia"]
[WhiteTeamCountry "CZE"]
[BlackTeamCountry "CZE"]

1. d4 c5 2. e3 d5 3. c3 Nf6 4. Bd3 Nc6 5. f4 g6 6. Nf3 b6 7. 0-0 Bg7 8. Ne5 Nxe5 9. fxe5 Ng4 10. Bb5+ Bd7 11. Qa4 Nh6 12. Nd2 a6 13. Bxd7+ Qxd7 14. Qxd7+ Kxd7 15. e4 cxd4 16. cxd4 dxe4 17. Nxe4 Nf5 18. Bf4 Rhd8 19. Rad1 Rac8 20. g4 Nh6 21. Bxh6 Bxh6 22. g5 Bf8 23. Rxf7 Ke6 24. Rf2 Bg7 25. Nc3 Rc4 26. d5+ Kxe5 27. Re1+ Kd6 28. Re6+ Kc5 29. Rc6+ Kb4 30. a3+ Ka5 31. Rxc4 1-0

[Event "CZE-chT2D 0809"]
[Site "Czech Republic"]
[Date "2009.01.25"]
[Round "7.5"]
[White "Svihel, Karel"]
[Black "Kudla, Vladimir"]
[Result "0-1"]
[WhiteElo "2027"]
[BlackElo "1963"]
[PlyCount "126"]
[EventDate "2008.10.12"]
[EventType "team-tourn"]
[EventRounds "11"]
[EventCountry "CZE"]
[SourceTitle "EXT 2010"]
[Source "ChessBase"]
[SourceDate "2010.11.25"]
[SourceVersion "1"]
[SourceVersionDate "2010.11.25"]
[SourceQuality "1"]

1. e4 d5 2. Nc3 d4 3. Nce2 e5 4. Ng3 Nf6 5. Bc4 Bd6 6. d3 0-0 7. N1e2 Nc6 8. 0-0 Na5 9. Bb5 a6 10. Ba4 b5 11. Bb3 c5 12. Bd2 Bd7 13. Bd5 Nc6 14. Nf5 Nxd5 15. Nxd6 Nde7 16. f4 Bg4 17. fxe5 Nxe5 18. Nf5 Nxf5 19. exf5 f6 20. h3 Bh5 21. g4 Bf7 22. Bf4 Re8 23. Ng3 Bd5 24. Ne4 Qb6 25. g5 Bxe4 26. dxe4 fxg5 27. Bxg5 Nf7 28. Qg4 Nxg5 29. Qxg5 Qf6 30. Qg2 Ra7 31. Rf4 Rae7 32. Rg4 c4 33. Rd1 d3 34. cxd3 Qd4+ 35. Qf2 Qxf2+ 36. Kxf2 cxd3 37. Rxd3 Rxe4 38. Kf3 Re1 39. Kf4 Rf1+ 40. Rf3 Rxf3+ 41. Kxf3 Kf7 42. a4 Re5 43. Kf4 Rc5 44. axb5 Rxb5 45. Rg2 Kf6 46. Ke4 Re5+ 47. Kd4 Rxf5 48. Ke4 g5 49. Rc2 Rf4+ 50. Kd5 a5 51. Rc6+ Kf5 52. Rc7 h6 53. Rc5 a4 54. Rc8 Rb4 55. Rf8+ Kg6 56. Ra8 Kh5 57. Ra6 Rxb2 58. Rxa4 Rb3 59. h4 g4 60. Ra6 g3 61. Ke4 g2 62. Ra1 Kxh4 63. Kf4 Rg3 0-1

[Event "CZE-chT2D 0809"]
[Site "Czech Republic"]
[Date "2008.11.09"]
[Round "2.5"]
[White "Svihel, Karel"]
[Black "Trojan, Lubos"]
[Result "0-1"]
[WhiteElo "2027"]
[BlackElo "2084"]
[PlyCount "82"]
[EventDate "2008.10.12"]
[EventType "team-tourn"]
[EventRounds "11"]
[EventCountry "CZE"]
[SourceTitle "EXT 2010"]
[Source "ChessBase"]
[SourceDate "2010.11.25"]
[SourceVersion "1"]
[SourceVersionDate "2010.11.25"]
[SourceQuality "1"]

1. e4 e6 2. d4 d5 3. Nc3 Nf6 4. Bg5 Be7 5. e5 Nfd7 6. Bxe7 Qxe7 7. f4 c5 8. Nb5 Na6 9. Nd6+ Kf8 10. Nf3 h6 11. c3 Nc7 12. Bd3 b6 13. Qe2 Ne8 14. Nxc8 Rxc8 15. f5 Nc7 16. 0-0 exf5 17. Bxf5 Ne6 18. Qf2 Kg8 19. Nh4 Ndf8 20. Rad1 Rd8 21. Bb1 g6 22. Nf3 Rh7 23. h4 Rg7 24. Qe3 g5 25. hxg5 hxg5 26. Nh2 g4 27. Rf6 cxd4 28. cxd4 Qb4 29. Qf2 g3 30. Qe2 gxh2+ 31. Kxh2 Nxd4 32. Qh5 Qxb2 33. Rg1 Qe2 34. Qh6 Qxe5+ 35. g3 Qg5 36. Qxg5 Rxg5 37. Rgf1 Rg7 38. R1f4 Nde6 39. Rh4 Ng6 40. Rg4 Nef8 41. Rg5 Nh7 0-1

[Event "CZE-chT2D 0809"]
[Site "Czech Republic"]
[Date "2008.10.12"]
[Round "1.5"]
[White "Dobes, Oldrich"]
[Black "Svihel, Karel"]
[Result "1-0"]
[WhiteElo "2036"]
[BlackElo "2027"]
[PlyCount "57"]
[EventDate "2008.10.12"]
[EventType "team-tourn"]
[EventRounds "11"]
[EventCountry "CZE"]
[SourceTitle "EXT 2010"]
[Source "ChessBase"]
[SourceDate "2010.11.25"]
[SourceVersion "1"]
[SourceVersionDate "2010.11.25"]
[SourceQuality "1"]

1. Nf3 d5 2. d4 Nf6 3. g3 e6 4. Bg2 Be7 5. 0-0 0-0 6. Nbd2 c5 7. c3 Nc6 8. Re1 cxd4 9. Nxd4 e5 10. Nxc6 bxc6 11. e4 Qc7 12. exd5 cxd5 13. c4 Bg4 14. Qb3 Rab8 15. Qd3 Bc5 16. cxd5 Qb6 17. Rf1 Rfd8 18. Nc4 Qc7 19. Bg5 Qe7 20. Rae1 Bd4 21. Qxd4 exd4 22. Rxe7 Nxd5 23. Re4 Bf5 24. Rxd4 f6 25. Bxd5+ Kf8 26. Bf4 Rb4 27. Bd2 Rxc4 28. Rxc4 Rxd5 29. Bb4+ 1-0

[Event "Brno Trade op"]
[Site "Brno"]
[Date "2007.09.01"]
[Round "7"]
[White "Svihel, Karel"]
[Black "Balkova, Anna"]
[Result "0-1"]
[WhiteElo "2054"]
[BlackElo "1944"]
[PlyCount "64"]
[EventDate "2007.08.26"]
[EventType "swiss"]
[EventRounds "7"]
[EventCountry "CZE"]
[SourceTitle "EXT 2008"]
[Source "ChessBase"]
[SourceDate "2007.11.25"]
[SourceVersion "1"]
[SourceVersionDate "2007.11.25"]
[SourceQuality "1"]

1. e4 c5 2. c3 d5 3. exd5 Qxd5 4. d4 g6 5. Nf3 Bg7 6. Be2 cxd4 7. cxd4 Nf6 8. Nc3 Qd8 9. 0-0 0-0 10. d5 Ne8 11. Be3 Nd7 12. Bd4 Ndf6 13. Rc1 Nd6 14. Ne5 Bf5 15. Qb3 Rc8 16. Bxa7 Nfe4 17. Bb6 Nd2 18. Bxd8 Nxb3 19. Bxe7 Nxc1 20. Bxd6 Nxe2+ 21. Nxe2 Rfd8 22. Be7 Re8 23. Nxg6 fxg6 24. d6 Bd3 25. d7 Bxe2 26. Re1 Bg4 27. dxc8Q Bxc8 28. Rc1 Bxb2 29. Rc7 Ba3 30. Rxc8 Rxc8 31. Bxa3 Rc3 32. Bb2 Rc2 0-1

[Event "Brno Trade op"]
[Site "Brno"]
[Date "2007.08.31"]
[Round "6"]
[White "Stanek, Stanislav"]
[Black "Svihel, Karel"]
[Result "1/2-1/2"]
[WhiteElo "2012"]
[BlackElo "2054"]
[PlyCount "46"]
[EventDate "2007.08.26"]
[EventType "swiss"]
[EventRounds "7"]
[EventCountry "CZE"]
[SourceTitle "EXT 2008"]
[Source "ChessBase"]
[SourceDate "2007.11.25"]
[SourceVersion "1"]
[SourceVersionDate "2007.11.25"]
[SourceQuality "1"]

1. d4 Nf6 2. c3 d5 3. Bf4 c6 4. e3 Bf5 5. Bd3 Bxd3 6. Qxd3 Nbd7 7. Nf3 e6 8. Nbd2 Be7 9. Ne5 0-0 10. Ndf3 c5 11. 0-0 cxd4 12. exd4 Nxe5 13. Bxe5 Ne4 14. h3 a6 15. Rac1 b5 16. b3 Nd6 17. Bxd6 Bxd6 18. Rfe1 Rc8 19. g3 Rc6 20. Ne5 Bxe5 21. Rxe5 Qc7 22. Re2 Rc8 23. Rec2 h6 1/2-1/2

[Event "Brno Trade op"]
[Site "Brno"]
[Date "2007.08.27"]
[Round "2"]
[White "Pribyl, Rene"]
[Black "Svihel, Karel"]
[Result "0-1"]
[WhiteElo "2094"]
[BlackElo "2054"]
[PlyCount "78"]
[EventDate "2007.08.26"]
[EventType "swiss"]
[EventRounds "7"]
[EventCountry "CZE"]
[SourceTitle "EXT 2008"]
[Source "ChessBase"]
[SourceDate "2007.11.25"]
[SourceVersion "1"]
[SourceVersionDate "2007.11.25"]
[SourceQuality "1"]

1. d4 Nf6 2. c4 e6 3. Bg5 Be7 4. Nc3 d5 5. e3 0-0 6. Nf3 h6 7. Bh4 b6 8. Be2 Bb7 9. 0-0 Nbd7 10. Rc1 c5 11. cxd5 Nxd5 12. Bg3 cxd4 13. Nxd4 Nc5 14. a3 Nxc3 15. Rxc3 Ne4 16. Rc1 Nxg3 17. hxg3 Rc8 18. Qa4 Rxc1 19. Rxc1 Qa8 20. f3 e5 21. Nf5 Bg5 22. Kf2 Rd8 23. Rc7 e4 24. f4 Bf6 25. Bc4 Rd2+ 26. Kg1 Bd5 27. Rxa7 Qc8 28. Bxd5 Qc1+ 29. Kh2 Rd1 30. Nxh6+ Kh7 31. Qxe4+ Kxh6 32. Kh3 Rh1+ 33. Kg4 Re1 34. Bxf7 Qd1+ 35. Qf3 Qd3 36. Qd5 Qe2+ 37. Qf3 Qd3 38. Ra8 g6 39. Bd5 Qf5# 0-1

[Event "CZE-chT2d 0607"]
[Site "Czech Republic"]
[Date "2007.03.25"]
[Round "10"]
[White "Handl, Martin"]
[Black "Svihel, Karel"]
[Result "1-0"]
[WhiteElo "2072"]
[BlackElo "2125"]
[PlyCount "75"]
[EventDate "2006.10.15"]
[EventType "team"]
[EventRounds "11"]
[EventCountry "CZE"]
[SourceTitle "EXT 2009"]
[Source "ChessBase"]
[SourceDate "2008.11.26"]
[SourceVersion "1"]
[SourceVersionDate "2008.11.26"]
[SourceQuality "1"]

1. e4 c5 2. Nf3 d6 3. d4 cxd4 4. Nxd4 Nf6 5. Nc3 g6 6. Bc4 Bg7 7. Bb3 Nc6 8. Nxc6 bxc6 9. 0-0 0-0 10. h3 Qc7 11. Be3 Rd8 12. Qd2 d5 13. exd5 Nxd5 14. Nxd5 cxd5 15. c3 a5 16. Bf4 e5 17. Bg5 Rd6 18. Bxd5 Ba6 19. Rfd1 Kh8 20. Bxa8 Rxd2 21. Rxd2 h6 22. Be3 f5 23. Rad1 Bb5 24. Rd6 Kh7 25. Bb6 Qb8 26. Bd5 e4 27. Bf7 Be5 28. Re6 Bd3 29. Bxg6+ Kg7 30. Bxf5 Bh2+ 31. Kh1 Qf4 32. Bd4+ Kf7 33. Rf6+ Ke7 34. Bg4 Qb8 35. g3 Bxg3 36. fxg3 Qxg3 37. Rxh6 e3 38. Re6+ 1-0

[Event "CZE-chT2d 0607"]
[Site "Czech Republic"]
[Date "2007.01.14"]
[Round "6"]
[White "Vlk, Miroslav"]
[Black "Svihel, Karel"]
[Result "1-0"]
[WhiteElo "2059"]
[BlackElo "2125"]
[PlyCount "85"]
[EventDate "2006.10.15"]
[EventType "team"]
[EventRounds "11"]
[EventCountry "CZE"]
[SourceTitle "EXT 2009"]
[Source "ChessBase"]
[SourceDate "2008.11.26"]
[SourceVersion "1"]
[SourceVersionDate "2008.11.26"]
[SourceQuality "1"]

1. d4 Nf6 2. c4 c5 3. e3 cxd4 4. exd4 d5 5. Nf3 Nc6 6. Nc3 e6 7. Bd3 dxc4 8. Bxc4 Bb4 9. 0-0 Bxc3 10. bxc3 0-0 11. Bg5 h6 12. Bh4 b6 13. Qe2 Bb7 14. Rac1 Rc8 15. Bd3 Ne7 16. Qd2 Bxf3 17. Bxf6 Bb7 18. Be5 Nc6 19. Bf4 Qf6 20. Bb1 g5 21. Be3 Rfd8 22. f4 g4 23. f5 e5 24. Bxh6 exd4 25. Bg5 dxc3 26. Qxd8+ Qxd8 27. Bxd8 Nxd8 28. Rf4 b5 29. Rxg4+ Kf8 30. h4 a5 31. h5 f6 32. h6 Nf7 33. h7 b4 34. Re1 Nh8 35. Be4 c2 36. Rg8+ Kf7 37. Bd5+ Bxd5 38. Rxc8 Bxa2 39. Rc7+ Kf8 40. Rxc2 b3 41. Rxa2 bxa2 42. Ra1 Kg7 43. Rxa2 1-0

[Event "Znojmo op1"]
[Site "Znojmo"]
[Date "2007.??.??"]
[Round "6"]
[White "Most, Zdenek"]
[Black "Svihel, Karel"]
[Result "1/2-1/2"]
[WhiteElo "2085"]
[BlackElo "2135"]
[PlyCount "161"]
[EventDate "2007.01.??"]
[EventType "swiss"]
[EventRounds "9"]
[EventCountry "CZE"]
[SourceTitle "EXT 2010"]
[Source "ChessBase"]
[SourceDate "2010.11.25"]
[SourceVersion "1"]
[SourceVersionDate "2010.11.25"]
[SourceQuality "1"]

1. e4 Nf6 2. d3 e5 3. c3 d5 4. Nd2 c5 5. Ngf3 Nc6 6. Be2 Be7 7. 0-0 0-0 8. Re1 Re8 9. Qc2 Bf8 10. a4 h6 11. Bf1 d4 12. h3 Be6 13. Nc4 Qc7 14. cxd4 Nxd4 15. Nxd4 cxd4 16. b3 b6 17. Qd1 Nd7 18. Qf3 Bb4 19. Rd1 a6 20. Qg3 Kh7 21. f4 f6 22. fxe5 fxe5 23. Bd2 Bxd2 24. Nxd2 Rac8 25. Be2 Nf6 26. Rab1 Qb8 27. Nc4 b5 28. axb5 axb5 29. Nd2 Rc2 30. Bg4 Bf7 31. Nf3 b4 32. Nh4 Nxg4 33. Qxg4 Qd6 34. Rf1 Qe6 35. Qg3 Rec8 36. Ra1 R8c7 37. Rf5 Rc1+ 38. Rxc1 Rxc1+ 39. Kh2 Rc5 40. Nf3 g6 41. Rxe5 Rxe5 42. Qxe5 Qxb3 43. Qxd4 Qc3 44. Qxc3 bxc3 45. Nd4 Be8 46. Ne2 Bb5 47. Nc1 Kg7 48. Kg3 Kf6 49. Kf4 g5+ 50. Ke3 Ke5 51. Ne2 c2 52. Kd2 Ba4 53. Kc1 h5 54. Kd2 Bb3 55. Kc3 Ba4 56. Kd2 h4 57. Ke3 Bb5 58. Nc1 Ba4 59. d4+ Ke6 60. d5+ Ke5 61. Nd3+ Kd6 62. Kd2 Bb3 63. Kc3 Ba4 64. Kb2 Bd7 65. Kxc2 g4 66. hxg4 Bxg4 67. Nf2 Be2 68. Nd1 Bf1 69. Ne3 Bxg2 70. Nxg2 h3 71. Nh4 h2 72. Nf5+ Ke5 73. Ng3 Kf4 74. Nh1 Kxe4 75. d6 Kf3 76. d7 Kg2 77. d8Q Kxh1 78. Qd1+ Kg2 79. Qg4+ Kf2 80. Qe4 Kg1 81. Qe1+ 1/2-1/2

[Event "Znojmo op1"]
[Site "Znojmo"]
[Date "2007.??.??"]
[Round "1"]
[White "Svihel, Karel"]
[Black "Skovron, Josef"]
[Result "1-0"]
[WhiteElo "2135"]
[BlackElo "1760"]
[PlyCount "73"]
[EventDate "2007.01.??"]
[EventType "swiss"]
[EventRounds "9"]
[EventCountry "CZE"]
[SourceTitle "EXT 2010"]
[Source "ChessBase"]
[SourceDate "2010.11.25"]
[SourceVersion "1"]
[SourceVersionDate "2010.11.25"]
[SourceQuality "1"]

1. c4 Nf6 2. Nc3 e5 3. Nf3 Nc6 4. g3 a6 5. Bg2 Bc5 6. a3 d6 7. 0-0 0-0 8. b4 Ba7 9. Bb2 h6 10. d3 Be6 11. h3 Qd7 12. Kh2 Rab8 13. Nd2 Nh7 14. Nd5 Ne7 15. Qc2 Nxd5 16. cxd5 Bf5 17. Rac1 Rbc8 18. Nc4 b5 19. Na5 Bb6 20. Nc6 Bg6 21. f4 exf4 22. gxf4 Rfe8 23. e4 f6 24. Rce1 Bh5 25. Qd2 Rf8 26. Bf3 Bxf3 27. Rxf3 Qf7 28. Rg3 Kh8 29. Re2 Qh5 30. Ne7 Rce8 31. Nf5 Rf7 32. Reg2 Rg8 33. Rg4 Rd7 34. R2g3 Qe8 35. Nxh6 Rf8 36. Nf5 g5 37. fxg5 1-0

[Event "CZE-chT2d 0607"]
[Site "Czech Republic"]
[Date "2006.12.03"]
[Round "4.6"]
[White "Svihel, Karel"]
[Black "Just, Pavel"]
[Result "0-1"]
[WhiteElo "2125"]
[BlackElo "2020"]
[PlyCount "102"]
[EventDate "2006.10.15"]
[EventType "team"]
[EventRounds "11"]
[EventCountry "CZE"]
[SourceTitle "EXT 2009"]
[Source "ChessBase"]
[SourceDate "2008.11.26"]
[SourceVersion "1"]
[SourceVersionDate "2008.11.26"]
[SourceQuality "1"]

1. c4 c5 2. Nc3 Nc6 3. Nf3 g6 4. g3 Bg7 5. Bg2 d6 6. 0-0 Nf6 7. d4 cxd4 8. Nxd4 Bd7 9. b3 0-0 10. Bb2 Nxd4 11. Qxd4 Bc6 12. Nd5 Ne8 13. Qd2 Bxb2 14. Qxb2 Bxd5 15. Bxd5 Qb6 16. Rfd1 Rc8 17. Rac1 Nf6 18. Bg2 Rc7 19. e3 Rfc8 20. Bh3 Rb8 21. Rd4 Rc5 22. Rcd1 Rh5 23. Bg2 Rc8 24. Rxd6 exd6 25. Qxf6 Rf5 26. Qxd6 Qxd6 27. Rxd6 Rc7 28. Bd5 Kg7 29. e4 Rf3 30. e5 Rc3 31. Be4 Re7 32. Rd5 b6 33. f4 f6 34. exf6+ Kxf6 35. Rd6+ Kg7 36. Bd3 Rc1+ 37. Kg2 Ra1 38. a4 Ra2+ 39. Kf3 Rb2 40. c5 bxc5 41. Bc4 Rxh2 42. Rc6 Rc2 43. Rxc5 Rc3+ 44. Kf2 Rd7 45. Re5 Rd2+ 46. Ke1 Ra2 47. Re7+ Kh6 48. Re2 Rxe2+ 49. Kxe2 Rxg3 50. b4 Ra3 51. a5 Ra4 0-1

[Event "Brno Duras BVK op-A"]
[Site "Brno"]
[Date "2006.??.??"]
[Round "4"]
[White "Valesova, Sarka"]
[Black "Svihel, Karel"]
[Result "0-1"]
[WhiteElo "1905"]
[BlackElo "2125"]
[PlyCount "106"]
[EventDate "2006.07.??"]
[EventType "swiss"]
[EventRounds "9"]
[EventCountry "CZE"]
[SourceTitle "EXT 2008"]
[Source "ChessBase"]
[SourceDate "2007.11.25"]
[SourceVersion "1"]
[SourceVersionDate "2007.11.25"]
[SourceQuality "1"]

1. e4 Nf6 2. Nc3 e5 3. Bc4 Nxe4 4. Qh5 Nd6 5. Bb3 Be7 6. Nf3 Nc6 7. 0-0 g6 8. Qg4 Nf5 9. Qc4 0-0 10. Nd5 d6 11. c3 Be6 12. d4 Bxd5 13. Qxd5 Bf6 14. dxe5 dxe5 15. Qe4 Nd6 16. Qg4 Na5 17. Bc2 Qc8 18. Qa4 Nac4 19. Nd2 Nb6 20. Qa5 Qd7 21. Ne4 Bg7 22. Bh6 Qb5 23. Qxb5 Nxb5 24. Bxg7 Kxg7 25. f4 exf4 26. Rxf4 Rad8 27. Raf1 Nd5 28. R4f3 Nd6 29. Nc5 Rfe8 30. Ba4 Re2 31. R1f2 Re1+ 32. Rf1 Re2 33. R1f2 Rxf2 34. Kxf2 b6 35. Nd3 Nf6 36. Bb3 c5 37. Ne5 b5 38. c4 Nde4+ 39. Kg1 b4 40. Bc2 Re8 41. Bxe4 Rxe5 42. Bd3 Ng4 43. h3 Re1+ 44. Bf1 Ne5 45. Rf4 Nd3 46. Rf3 Nxb2 47. Kf2 Rc1 48. Rf4 Na4 49. Re4 Rc2+ 50. Re2 Rxe2+ 51. Kxe2 Kf6 52. Kd2 Ke5 53. Ke3 Nc3 0-1

[Event "Brno Trade op-A"]
[Site "Brno"]
[Date "2005.09.03"]
[Round "8"]
[White "Svihel, Karel"]
[Black "Mlynek, Petr"]
[Result "1/2-1/2"]
[WhiteElo "2157"]
[BlackElo "2236"]
[PlyCount "125"]
[EventDate "2005.08.28"]
[EventType "swiss"]
[EventRounds "9"]
[EventCountry "CZE"]
[SourceTitle "CBM 108 Extra"]
[Source "ChessBase"]
[SourceDate "2005.11.04"]
[SourceVersion "1"]
[SourceVersionDate "2005.11.04"]
[SourceQuality "1"]

1. d4 d5 2. c4 c6 3. cxd5 cxd5 4. Nc3 Nf6 5. Nf3 Nc6 6. Bg5 Ne4 7. Bh4 Qa5 8. Qb3 e6 9. e3 Bb4 10. Rc1 Nxc3 11. bxc3 Ba3 12. Rb1 0-0 13. Bd3 b6 14. 0-0 Ba6 15. Bxa6 Qxa6 16. Qb5 Qxb5 17. Rxb5 Rfc8 18. Nd2 Na5 19. Nb1 Bd6 20. Bg3 Bxg3 21. hxg3 Rc4 22. Rc1 Rac8 23. Kf1 Nb7 24. Rb3 Nd6 25. Nd2 R4c6 26. Ke2 f6 27. Kd3 e5 28. a4 Kf7 29. f3 Nc4 30. Rb4 exd4 31. exd4 Nxd2 32. Kxd2 Re6 33. Rb5 Rce8 34. Rxd5 Re2+ 35. Kd3 Rxg2 36. g4 Rf2 37. Rd7+ Re7 38. Rxe7+ Kxe7 39. Ke4 Ra2 40. Kd5 Kd7 41. c4 Rxa4 42. c5 bxc5 43. dxc5 Ra3 44. Rb1 Kc7 45. Re1 Rd3+ 46. Kc4 Rxf3 47. Re7+ Kc6 48. Rxg7 Rf4+ 49. Kd3 a5 50. Rxh7 Rxg4 51. Ra7 Kb5 52. c6 Kb6 53. Rf7 Rf4 54. c7 Kb7 55. Kc3 a4 56. Kb2 Rf3 57. Ka2 a3 58. Rh7 f5 59. Rf7 f4 60. Rh7 Rc3 61. Rf7 f3 62. Ka1 Kc8 63. Ka2 1/2-1/2

[Event "Brno Trade op-A"]
[Site "Brno"]
[Date "2005.09.01"]
[Round "5"]
[White "Schoupal, Patrik"]
[Black "Svihel, Karel"]
[Result "1-0"]
[WhiteElo "1977"]
[BlackElo "2157"]
[PlyCount "55"]
[EventDate "2005.08.28"]
[EventType "swiss"]
[EventRounds "9"]
[EventCountry "CZE"]
[SourceTitle "CBM 108 Extra"]
[Source "ChessBase"]
[SourceDate "2005.11.04"]
[SourceVersion "1"]
[SourceVersionDate "2005.11.04"]
[SourceQuality "1"]

1. e4 c5 2. d4 cxd4 3. c3 Nf6 4. e5 Nd5 5. cxd4 d6 6. Nf3 e6 7. Nc3 Nxc3 8. bxc3 Nc6 9. exd6 Bxd6 10. Bd3 0-0 11. Bxh7+ Kxh7 12. Ng5+ Kg6 13. h4 f5 14. h5+ Kf6 15. Nh7+ Kf7 16. Nxf8 Bxf8 17. h6 gxh6 18. Qh5+ Ke7 19. Bxh6 Bxh6 20. Qxh6 Qa5 21. Qd2 Bd7 22. Rh7+ Kd6 23. Qf4+ e5 24. dxe5+ Nxe5 25. Rd1+ Kc6 26. Qh6+ Kc5 27. Qd6+ Kc4 28. Qd4+ 1-0

[Event "Brno Trade op-A"]
[Site "Brno"]
[Date "2005.08.31"]
[Round "4"]
[White "Svihel, Karel"]
[Black "Pecha, Juraj"]
[Result "1-0"]
[WhiteElo "2157"]
[BlackElo "2022"]
[PlyCount "65"]
[EventDate "2005.08.28"]
[EventType "swiss"]
[EventRounds "9"]
[EventCountry "CZE"]
[SourceTitle "CBM 108 Extra"]
[Source "ChessBase"]
[SourceDate "2005.11.04"]
[SourceVersion "1"]
[SourceVersionDate "2005.11.04"]
[SourceQuality "1"]

1. e4 c5 2. Nf3 b6 3. d4 cxd4 4. Nxd4 Bb7 5. f3 g6 6. Nc3 Bg7 7. Bc4 a6 8. Be3 e6 9. Qd2 Qc7 10. Bb3 Nc6 11. 0-0-0 Nge7 12. Qf2 Ne5 13. Nde2 b5 14. Bc5 Rc8 15. Bd6 Qd8 16. g4 Nc4 17. Bc5 d5 18. Bxc4 bxc4 19. exd5 Nxd5 20. Ne4 Rb8 21. Nd6+ Kd7 22. c3 Qa5 23. Ba3 Kc6 24. Nxc4 Qb5 25. Nd6 Qa5 26. Nxf7 Rhf8 27. Nd6 Nxc3 28. Nxc3 Bxc3 29. Nc4 Qb5 30. Nd6 Qg5+ 31. Kb1 Ba5 32. Rc1+ Kd7 33. Nxb7 1-0

[Event "Brno Trade op-A"]
[Site "Brno"]
[Date "2005.08.30"]
[Round "3"]
[White "Krc, Milan"]
[Black "Svihel, Karel"]
[Result "0-1"]
[WhiteElo "1882"]
[BlackElo "2157"]
[PlyCount "158"]
[EventDate "2005.08.28"]
[EventType "swiss"]
[EventRounds "9"]
[EventCountry "CZE"]
[SourceTitle "CBM 108 Extra"]
[Source "ChessBase"]
[SourceDate "2005.11.04"]
[SourceVersion "1"]
[SourceVersionDate "2005.11.04"]
[SourceQuality "1"]

1. b4 e5 2. a3 Nf6 3. Bb2 d6 4. e3 Be7 5. Nf3 0-0 6. c4 a5 7. b5 Bg4 8. Be2 Nbd7 9. 0-0 e4 10. Nd4 Bxe2 11. Nxe2 Nc5 12. a4 Nd3 13. Bc3 d5 14. cxd5 Nxd5 15. Bd4 Bf6 16. Bxf6 Qxf6 17. Nbc3 Qe5 18. Nxd5 Qxd5 19. Nc3 Qe5 20. Qe2 Rfd8 21. f3 Nc5 22. fxe4 Nxe4 23. Nxe4 Qxe4 24. Rf4 Qc2 25. Rf2 Rd7 26. d4 Qc3 27. Qe1 Qxe1+ 28. Rxe1 Re8 29. Rfe2 f5 30. g3 Kf7 31. Kf2 Ke6 32. Rc1 Kd6 33. Rc5 g6 34. h3 Re4 35. Kf3 Rde7 36. Rc3 g5 37. Rc5 f4 38. Rxg5 fxe3 39. Rh5 Rxd4 40. Rxe3 Rf7+ 41. Ke2 Rxa4 42. Rd3+ Ke7 43. Rc3 Ra2+ 44. Ke3 Kd8 45. Rd3+ Ke8 46. Rhd5 Re7+ 47. Kf3 a4 48. Rd8+ Kf7 49. Rb8 b6 50. Rbd8 a3 51. Ra8 Rb2 52. Raxa3 Rxb5 53. Rd4 Rf5+ 54. Kg4 Rf6 55. h4 c5 56. Rc4 Rc7 57. Rb3 Ke7 58. h5 Kd7 59. Kg5 Rd6 60. g4 Kc6 61. Kf5 b5 62. Re4 Rf7+ 63. Kg5 c4 64. Rc3 Kc5 65. Kh4 Rd4 66. Re8 Rc7 67. Rce3 b4 68. h6 c3 69. R8e7 Rdd7 70. R3e5+ Kc4 71. Re4+ Kb3 72. R7e5 c2 73. Re3+ Rc3 74. Re1 Rd1 75. g5 c1Q 76. R1e4 Rc4 77. Kh5 Rh1+ 78. Kg4 Rxe4+ 79. Rxe4 Rg1+ 0-1

[Event "Brno Trade op-A"]
[Site "Brno"]
[Date "2005.08.29"]
[Round "2"]
[White "Svihel, Karel"]
[Black "Trichkov, Vasil"]
[Result "0-1"]
[WhiteElo "2157"]
[BlackElo "2340"]
[PlyCount "64"]
[EventDate "2005.08.28"]
[EventType "swiss"]
[EventRounds "9"]
[EventCountry "CZE"]
[SourceTitle "CBM 108 Extra"]
[Source "ChessBase"]
[SourceDate "2005.11.04"]
[SourceVersion "1"]
[SourceVersionDate "2005.11.04"]
[SourceQuality "1"]

1. e4 c5 2. c3 Nf6 3. e5 Nd5 4. d4 cxd4 5. Nf3 Nc6 6. Bc4 Nb6 7. Bb3 d5 8. exd6 Qxd6 9. 0-0 Be6 10. Bxe6 Qxe6 11. Nxd4 Nxd4 12. Qxd4 Rd8 13. Qc5 Qd7 14. a4 e6 15. Qb5 Nd5 16. Qxd7+ Rxd7 17. g3 Be7 18. Nd2 0-0 19. Nf3 Rfd8 20. Ne5 Rc7 21. c4 Nb4 22. b3 f6 23. Nf3 Rd3 24. Be3 Nc2 25. Ne1 Rxe3 26. Nxc2 Rxb3 27. Nd4 Rb6 28. Rfc1 Rd7 29. Nb5 a6 30. Nc3 f5 31. Rab1 Rb4 32. Rxb4 Bxb4 0-1

[Event "Brno op"]
[Site "Brno"]
[Date "2005.07.08"]
[Round "7"]
[White "Petera, Lubomir"]
[Black "Svihel, Karel"]
[Result "1/2-1/2"]
[WhiteElo "2075"]
[BlackElo "2157"]
[PlyCount "78"]
[EventDate "2005.07.02"]
[EventType "swiss"]
[EventRounds "7"]
[EventCountry "CZE"]
[SourceTitle "EXT 2006"]
[Source "ChessBase"]
[SourceDate "2005.11.24"]
[SourceVersion "1"]
[SourceVersionDate "2005.11.24"]
[SourceQuality "1"]

1. e4 Nf6 2. e5 Nd5 3. Nf3 d6 4. exd6 cxd6 5. Bc4 Nf6 6. d4 d5 7. Bd3 Bg4 8. Nbd2 e6 9. 0-0 Nc6 10. c3 Bd6 11. Qc2 Rc8 12. b3 0-0 13. c4 Nb4 14. Qb1 Nxd3 15. Qxd3 dxc4 16. bxc4 b6 17. Bb2 Bf5 18. Qb3 Ne4 19. Rfe1 Nxd2 20. Nxd2 Qc7 21. Ba3 Bxh2+ 22. Kh1 Bd6 23. Rac1 Qe7 24. Bxd6 Qxd6 25. Nf3 Rfd8 26. Red1 Bg4 27. c5 Qd5 28. Qxd5 exd5 29. Rd3 f6 30. Kg1 Kf7 31. Re3 Rc6 32. Nd2 bxc5 33. dxc5 d4 34. Rb3 Rd7 35. Rb2 Ke6 36. Nb3 d3 37. Rd2 Bf5 38. Rc4 Rcc7 39. c6 Rd6 1/2-1/2